000 nam a22 a 4500
999 _c3577
_d3577
003 AKMAL
005 20170523113354.0
008 170523s1996 -us 00 eng d
020 _a0873893271 (pbk.):
_cUSD 32.95
040 _aAKMAL
082 0 4 _a658.562 WIL
090 2 0 _a658.562
_bWIL
100 1 _aWilson, Lawrence A.
_97081
245 1 0 _aEight-step process to successful ISO 9000 implementation :
_ba quality management system approach /
_cLawrence A. Wilson
260 _aMilwaukee :
_bASQC Quality Press,
_c1996
300 _axi, 324p. :
_bill. ;
_c24cm
504 _aIncludes bibliographical references and index
650 _aISO 9000 Series Standards
_9546
942 _2ddc
_cBOOK